Above suspicion : (Record no. 133350)
[ view plain ]
| 000 -LEADER | |
|---|---|
| fixed length control field | 01027nam a2200325 a 4500 |
| 008 - FIXED-LENGTH DATA ELEMENTS--GENERAL INFORMATION | |
| fixed length control field | 040130s2003 utu 000 1 eng d |
| 010 ## - LIBRARY OF CONGRESS CONTROL NUMBER | |
| LC control number | 2004296195 |
| 020 ## - INTERNATIONAL STANDARD BOOK NUMBER | |
| International Standard Book Number | 1591563100 (pbk.) |
| 035 ## - SYSTEM CONTROL NUMBER | |
| System control number | 95D86CC53C714D539F813F33444039D4 |
| 035 ## - SYSTEM CONTROL NUMBER | |
| System control number | (OCoLC)ocm53168352 |
| 040 ## - CATALOGING SOURCE | |
| Original cataloging agency | UWB |
| Transcribing agency | UWB |
| Modifying agency | DLC |
| 042 ## - AUTHENTICATION CODE | |
| Authentication code | lccopycat |
| 043 ## - GEOGRAPHIC AREA CODE | |
| Geographic area code | n-us-fl |
| 050 00 - LIBRARY OF CONGRESS CALL NUMBER | |
| Classification number | PS3607.R43 |
| Item number | A63 2003 |
| 082 00 - DEWEY DECIMAL CLASSIFICATION NUMBER | |
| Classification number | 813/.6 |
| Edition number | 22 |
| 035 ## - SYSTEM CONTROL NUMBER | |
| System control number | 95D86CC53C714D539F813F33444039D4 |
| 005 - DATE AND TIME OF LATEST TRANSACTION | |
| control field | 20241220142825.0 |
| 001 - CONTROL NUMBER | |
| control field | 31769 |
| 003 - CONTROL NUMBER IDENTIFIER | |
| control field | DCL |
| 100 1# - MAIN ENTRY--PERSONAL NAME | |
| Personal name | Green, Betsy Brannon, |
| Dates associated with a name | 1958- |
| 9 (RLIN) | 49388 |
| 245 10 - TITLE STATEMENT | |
| Title | Above suspicion : |
| Remainder of title | a novel / |
| Statement of responsibility, etc | Betsy Brannon Green. |
| 260 ## - PUBLICATION, DISTRIBUTION, ETC. (IMPRINT) | |
| Place of publication, distribution, etc | American Fork, Utah : |
| Name of publisher, distributor, etc | Covenant Communications, |
| Date of publication, distribution, etc | c2003. |
| 300 ## - PHYSICAL DESCRIPTION | |
| Extent | 266 p. ; |
| Dimensions | 23 cm. |
| 650 #0 - SUBJECT ADDED ENTRY--TOPICAL TERM | |
| Topical term or geographic name as entry element | Bed and breakfast accommodations |
| Form subdivision | Fiction. |
| 9 (RLIN) | 5676024 |
| 650 #0 - SUBJECT ADDED ENTRY--TOPICAL TERM | |
| Topical term or geographic name as entry element | Mormon women |
| Form subdivision | Fiction. |
| 9 (RLIN) | 5675255 |
| 655 #7 - INDEX TERM--GENRE/FORM | |
| Genre/form data or focus term | Mystery fiction. |
| Source of term | gsafd |
| 9 (RLIN) | 6285684 |
| 655 #7 - INDEX TERM--GENRE/FORM | |
| Genre/form data or focus term | Love stories. |
| Source of term | gsafd |
| 9 (RLIN) | 6285685 |
| 655 #7 - INDEX TERM--GENRE/FORM | |
| Genre/form data or focus term | Christian fiction. |
| Source of term | gsafd |
| 9 (RLIN) | 6285686 |
| 942 ## - ADDED ENTRY ELEMENTS (KOHA) | |
| Koha item type | UNKNOWN |
| Withdrawn status | Lost status | Source of classification or shelving scheme | Damaged status | Not for loan | Collection code | Home library | Current library | Shelving location | Date acquired | Source of acquisition | Cost, normal purchase price | Total Checkouts | Total Renewals | Full call number | Barcode | Date last seen | Date checked out | Cost, replacement price | Price effective from | Koha item type |
|---|---|---|---|---|---|---|---|---|---|---|---|---|---|---|---|---|---|---|---|---|
| Dewey Decimal Classification | Adult Fiction LDS | Wasatch County Library | Wasatch County Library | First Floor | 01/10/2020 | Donation | 14.95 | 13 | 9 | F LDS Green | 34301001602095 | 04/03/2025 | 03/29/2025 | 14.95 | 03/20/2020 | BOOK |
